Quizzes
Events
Quiz Creation
Community
Videos
Private Events
Remove Ads
Sign In
Join for FREE
Feedback
Dark Mode
Quiz Categories
Sports
Geography
Music
Movies
Television
Just For Fun
Miscellaneous
History
Literature
Language
Science
Gaming
Entertainment
Religion
Holiday
For Kids
Quiz Lab
Recent
Popular Today
Quiz Kudos Today
Editor Picks
Curator Picks
Quizzes by...
Day
Popularity
Type
Ratings
Length
Year
Community
Subscriptions
Recent Discussions
Orange Saloon
Badges
Playlists
Quests
Create
Leaderboards
Showdown
Live 5
Trivia Bingo
Activity
Puzzle Library
Sporcle Events
Private Events
Virtual Trivia
Globe League
Become a Host
Pub Owners
SporcleCon
Opinionation
Our Games
Videos
Blog
Mobile Apps
Partnerships
Remove Ads and Go Orange
Feedback
Miscellaneous
Crossword
General Knowledge
Baby Names
Logo
Food
Cars
Numbers
Grab Bag
University
College
Popular
Company
Slogans
Restaurants
Justice
Letter
Miscellaneous
Crossword
General Knowledge
Baby Names
Logo
Food
Cars
Numbers
Grab Bag
University
College
Popular
Company
Slogans
Restaurants
Justice
Letter
Random Quiz
Search Sporcle
×
Quiz Lab
Quiz Lab
Miscellaneous
Popular
Type in answers that appear in a list
Type in answers that appear in a list
Classic
Best Score? Go Orange.
Boys Names that End in Y (2010) Stats
Can you name the most popular US Boys Names that end in Y in 2010?
By
YellowStapler
10m
74 Questions
369 Plays
369 Plays
369 Plays
Comments
Comments
Give Quiz Kudos
Give Quiz Kudos
-
- Ratings
hide this ad
Replay
Link that replays current quiz
Next Quiz
Link to next quiz in quiz playlist
You Got
0%
They Got
Avg Score
47%
Avg Friend Score
Upgrade to see
Score Distribution
Jump to the score distribution portion of the page
Score
0/74
Timer
10:00
0
Plays Today
Rank
Name
% Correct
266
Johnny
80.2%
658
Harry
78%
365
Larry
76.4%
624
Billy
76.4%
320
Danny
76.2%
593
Tommy
75.6%
61
Zachary
73.7%
67
Henry
73.2%
158
Cody
73.2%
235
Andy
71.8%
555
Bobby
71.5%
386
Jerry
69.9%
319
Corey
69.1%
10
Anthony
67.8%
373
Jimmy
67.8%
579
Cory
67.8%
125
Brady
65.6%
495
Terry
64%
472
Gary
64%
662
Ray
62.6%
383
Tony
61%
83
Brody
60.7%
414
Jay
60.7%
186
Bradley
60.2%
142
Jeremy
59.1%
558
Roy
59.1%
614
Joey
58.8%
105
Riley
58.5%
268
Gregory
58%
630
Kenny
58%
450
Ricky
56.1%
398
Casey
55.6%
223
Jeffrey
53.9%
248
Troy
52.3%
802
Freddy
52%
115
Timothy
50.4%
324
Trey
49.6%
Rank
Name
% Correct
404
Zackary
46.9%
210
Avery
46.6%
349
Randy
46.3%
567
Jeffery
46.1%
575
Harley
45%
956
Antony
44.7%
159
Wesley
44.4%
670
Toby
43.4%
634
Kody
42.8%
685
Stanley
42.8%
280
Colby
40.1%
267
Ty
40.1%
101
Bentley
38.8%
750
Rory
38.5%
995
Bailey
38.5%
313
Grady
32.8%
828
Sidney
31.2%
535
Quincy
30.6%
551
Rodney
29.5%
760
Zachery
29%
683
Kolby
28.7%
768
Emery
28.5%
736
Zackery
27.9%
801
Clay
27.4%
914
Marley
25.5%
740
Rudy
24.9%
955
Sonny
24.7%
597
Finley
23.8%
939
Leroy
22.8%
668
Bently
22%
769
Brantley
20.6%
874
Remy
20.6%
855
Rey
19%
972
Kingsley
11.1%
616
Giovanny
10.8%
473
Jacoby
10.6%
892
Landry
7%
Quiz Playlist
Details
Report
Send in Message
Add To Playlist
Classic:
Type in answers that appear in a list
Quiz Source
Last Updated: Feb 16, 2017
Quiz Scoreboard
CHALLENGE
Sign Up to Join the Scoreboard
Show All
Scores
Hide
Comments
May contain spoilers
Recently Published
Pick 6: Fruits
by JohnFran
Miscellaneous
15s
Click the 1999 NBA Draft
by nibperrychub
Sports
2m
Alphabetical 'K' Countries by Flag Minefield
by ylime102
Geography
3m
More to Explore
Quiz From the Vault
Featured Blog Post
15 Basketball Trivia Facts You Can Be March Mad About
hide this ad
You Might Also Like...
Tags
Popular Quiz
2010
Boy
end
Today's Top Quizzes in Miscellaneous
Browse Miscellaneous
hide this ad
Today's Top Quizzes in Popular
Browse Popular
Top Contributed Quizzes in Miscellaneous
1
Spring Months consonants
2
Pick 6: Vegetables
3
Pick 6: Supreme Pizza
4
Four Seasons
5
Pick 6: University Mascots
6
The JOE quick-fire general knowledge quiz: Day 166
7
Guess the 'S' Things in 3 Words
8
The JOE quick-fire general knowledge quiz: Day 165
9
Sporcle Acrostic Puzzle XXXV
10
Guess the 'T' Things in 3 Words
Explore More
Trending Topics
Crossword
Marvel
NBA
Kpop
Harry Potter
Disney
Anime
NFL
WWE
Soccer
Country
The Office
Song
Puzzle
Pokémon
hide this ad
More By:
YellowStapler
Quiz
Plays
Rating
Category
Featured
Created
Guess the StarKid Lyrics
8,445
4.76
Music
Jun 1, 2011
Guess the StarKid Lyrics 2
4,963
4.76
Music
Jun 11, 2011
Beauty and the Beast Prologue
3,738
4.70
Movies
Sep 19, 2010
Figure out the Disney Song Lyrics
3,665
4.00
Music
Oct 18, 2010
Guess the StarKid Lyrics 3
1,679
5.00
Music
Jun 11, 2011
Go to Creator's Profile
Score Distribution
Quiz Creator Spotlight
YellowStapler
Follow
Send a Message
Quizzes Created
-
Created Quiz Play Count
-
More By This Creator
Popular Quizzes Today
1
Countries of Asia Without Outlines Minefield
2
Find the US States - No Outlines Minefield
3
Pick 6: Fruits
4
Alphabetical 'K' Countries by Flag Minefield
5
The Countries of the World
6
Find the US States
7
US States
8
Match the Book to the Film X
More Miscellaneous Quizzes
'A' in Every Category
Quiz Lab
Trending Quizzes
Pick 6: Mountains
Pick 6: Harry Potter
Pick 6: NFL Teams
Pick 6: Movie Franchises
Pick 6: Golfers
Recently Updated
NWSL Teams
pecheneg
Women's Final Four Teams by Year
bhenderson79
Presidents Quartet II
eogle
Anything But Clue(do)
eogle
Anything But Oceanian Capitals
eogle
Anything But 7
eogle
Anything But Thing
eogle
Word Ladder: February 29
pecheneg
Song Title Questions
pecheneg
Women's NCAA Tournament #1 Seeds
pecheneg
Trending Topics
Harry Potter
Anime
Crossword
Marvel
Kpop
Disney
NBA
Soccer
Country
Puzzle
Song
NFL
The Office
WWE
Pokémon
Your Account Isn't Verified!
In order to create a playlist on Sporcle, you need to verify the email address you used during registration. Go to your
Sporcle Settings
to finish the process.
Report this User
Report this user for behavior that violates our
Community Guidelines
.
Details:
Send Report
Go to the Sporcle.com Mobile Site →
Comments